Thomas Kyd the Spanish tragedy (Record no. 8330)

MARC details
000 -LEADER
fixed length control field 00443cam a2200193ua 4500
001 - CONTROL NUMBER
control field 9270
005 - DATE AND TIME OF LATEST TRANSACTION
control field 20260515114440.0
008 - FIXED-LENGTH DATA ELEMENTS--GENERAL INFORMATION
fixed length control field 150225n ii |||gr||||Z||||||eng
040 ## - CATALOGING SOURCE
Transcribing agency MAIN
041 ## - LANGUAGE CODE
Language code of text/sound track or separate title eng
082 ## - DEWEY DECIMAL CLASSIFICATION NUMBER
Classification number 862
100 ## - MAIN ENTRY--PERSONAL NAME
Personal name Lall, R.,
Relator term Author.
245 1# - TITLE STATEMENT
Title Thomas Kyd the Spanish tragedy
Statement of responsibility, etc. By Ramji Lall
250 ## - EDITION STATEMENT
Edition statement 11th.
260 ## - PUBLICATION, DISTRIBUTION, ETC.
Place of publication, distribution, etc. New Delhi:
Name of publisher, distributor, etc. Aarti,
Date of publication, distribution, etc. 1995.
300 ## - PHYSICAL DESCRIPTION
Extent 452p.
653 ## - INDEX TERM--UNCONTROLLED
Uncontrolled term Spanish drama
942 ## - ADDED ENTRY ELEMENTS (KOHA)
Koha item type Books
Holdings
Withdrawn status Lost status Damaged status Not for loan Home library Current library Shelving location Date acquired Total checkouts Full call number Barcode Date last seen Copy number Price effective from Koha item type
        Naharkatiya College Library Naharkatiya College Library General stacks 09/19/2020   862 | LAL 6060 09/19/2020 1 09/19/2020 Books